[Event "16th ch-EUR Indiv w 2015"]
[Site "Chakvi GEO"]
[Date "2015.05.24"]
[Round "6.17"]
[White "Kursova, Maria"]
[Black "Arakhamia-Grant, Ketevan"]
[Result "1/2-1/2"]
[WhiteTitle "WGM"]
[BlackTitle "GM"]
[WhiteElo "2267"]
[BlackElo "2393"]
[WhiteFideId "4129709"]
[BlackFideId "13600168"]
[EventDate "2015.05.19"]

1. d4 Nf6 2. Nf3 d5 3. c4 e6 4. Nc3 Nbd7 5. cxd5 exd5 6. Bg5 h6 7. Bh4 c6 8. e3
Be7 9. Bd3 O-O 10. Qc2 Re8 11. O-O Ne4 12. Bxe7 Qxe7 13. Rab1 Ng5 14. Nd2 Nf6
15. b4 a6 16. a4 Bd7 17. Nb3 Qd6 18. Be2 Bg4 19. Nc5 Re7 20. Rfe1 Rae8 21. Rb2
h5 22. Qd1 g6 23. Nd3 Bxe2 24. Nxe2 Ng4 25. Ng3 f5 26. Nf1 Kg7 27. b5 axb5 28.
axb5 h4 29. h3 Nf6 30. bxc6 bxc6 31. Qc2 Nge4 32. Rc1 Rc7 33. Rb6 Rec8 34. Qa4
Nd7 35. Ra6 Qf6 36. Nb4 Qd6 37. Raxc6 Rxc6 38. Rxc6 Rxc6 39. Qxc6 Qxb4 40. Qxd7+
Kh6 41. Qd8 Kg7 42. f3 Nf6 43. Qc7+ Kg8 44. Qf4 Qe1 45. g3 hxg3 46. Qxg3 Qxg3+
47. Nxg3 Kf7 48. h4 Ke6 49. Kf2 Kd6 50. Ne2 Nh5 51. Nc1 Ke6 52. Nd3 Kf6 53. Ne5
g5 54. Nd7+ Kg6 55. hxg5 Kxg5 56. Kg2 Kh4 57. Ne5 Kg5 58. Kh3 Nf6 59. Nd3 Nh5
60. Nc5 Ng7 61. Nd7 Ne6 62. f4+ Kg6 63. Nb6 Nc7 64. Kh4 Kh6 65. Nc8 Kg6 66. Kg3
Kf6 67. Kh3 Nb5 68. Kh4 Nc3 69. Kh5 Nd1 70. Nb6 Nxe3 71. Nd7+ Ke6 72. Nc5+ Kf6
73. Nd7+ 1/2-1/2

[Event "16th ch-EUR Indiv w 2015"]
[Site "Chakvi GEO"]
[Date "2015.05.24"]
[Round "6.18"]
[White "Atalik, Ekaterina"]
[Black "Mikadze, Miranda"]
[Result "1/2-1/2"]
[WhiteTitle "IM"]
[BlackTitle "WIM"]
[WhiteElo "2392"]
[BlackElo "2233"]
[WhiteFideId "4130189"]
[BlackFideId "13603108"]
[EventDate "2015.05.19"]

1. d4 d5 2. c4 c6 3. Nf3 Nf6 4. Nc3 dxc4 5. a4 Bf5 6. Ne5 Nbd7 7. Nxc4 Nb6 8.
Ne5 a5 9. h4 e6 10. f3 h6 11. e4 Bh7 12. Be3 Nfd7 13. Nxd7 Nxd7 14. Qb3 Bb4 15.
O-O-O O-O 16. g4 Qc7 17. g5 h5 18. Kb1 Bd6 19. Bh3 Rfb8 20. Rc1 Nf8 21. Nb5 Qd8
22. Nxd6 Qxd6 23. Bg1 Rd8 24. Bf2 b5 25. axb5 cxb5 26. Qxb5 Rdb8 27. Qd3 Rb4 28.
Rc2 a4 29. Rd1 Rb3 30. Qe2 a3 31. Rd3 Rab8 32. Rxb3 Rxb3 33. Bg2 Qh2 34. Be3
Qxh4 35. Bc1 Qg3 36. Ka2 axb2 37. Bxb2 Rb8 38. Qd2 Ng6 39. d5 exd5 40. Qxd5 Nh4
41. Qd7 Bxe4 42. fxe4 Nxg2 43. Rc8+ Rxc8 44. Qxc8+ Kh7 45. Qf5+ Kg8 46. Qc8+ Kh7
47. Qf5+ 1/2-1/2

[Event "16th ch-EUR Indiv w 2015"]
[Site "Chakvi GEO"]
[Date "2015.05.24"]
[Round "6.19"]
[White "Guramishvili, Sopiko"]
[Black "Sviridova, Vlada"]
[Result "1-0"]
[WhiteTitle "IM"]
[BlackTitle "WFM"]
[WhiteElo "2370"]
[BlackElo "2087"]
[WhiteFideId "13602888"]
[BlackFideId "24109606"]
[EventDate "2015.05.19"]

1. d4 d5 2. c4 c6 3. Nc3 Nf6 4. e3 e6 5. Nf3 Nbd7 6. Qc2 Bd6 7. g4 h6 8. h3 O-O
9. Bd2 e5 10. g5 hxg5 11. O-O-O Re8 12. Nxg5 Nf8 13. Kb1 Qe7 14. Rg1 e4 15. Be2
Bf5 16. Qb3 dxc4 17. Bxc4 Bg6 18. h4 b5 19. Be2 a5 20. Rc1 a4 21. Qd1 Qa7 22. h5
Bf5 23. Qf1 N8h7 24. Qg2 Bf8 25. Bd1 Rac8 26. Bc2 Qe7 27. Nxh7 Nxh7 28. Ne2 Nf6
29. Ng3 Bh7 30. a3 Nd5 31. h6 g5 32. f3 f5 33. fxe4 fxe4 34. Rcf1 Bxh6 35. Rh1
Qg7 36. Nxe4 Re6 37. Rc1 Rce8 38. Ng3 Bxc2+ 39. Rxc2 Nxe3 40. Bxe3 Rxe3 41. Qxc6
Re1+ 42. Rc1 R1e6 43. Qd5 Qf7 44. Nf5 Bf8 45. Rhg1 Rg6 46. Qxb5 Ree6 47. Rgf1
Ref6 48. Ng3 g4 49. Nh5 Rf3 50. Ng3 Rff6 51. Ne4 Rb6 52. Qxa4 Qb3 53. Qxb3+ Rxb3
54. Nf6+ Kh8 55. Rc8 Rf3 56. Rxf8+ Kg7 57. Nd7 Rxf8 58. Nxf8 Rf6 59. Rg1 1-0

[Event "16th ch-EUR Indiv w 2015"]
[Site "Chakvi GEO"]
[Date "2015.05.24"]
[Round "6.20"]
[White "Gevorgyan, Maria"]
[Black "Zimina, Olga"]
[Result "1-0"]
[WhiteTitle "WFM"]
[BlackTitle "IM"]
[WhiteElo "2190"]
[BlackElo "2339"]
[WhiteFideId "13300270"]
[BlackFideId "4132190"]
[EventDate "2015.05.19"]

1. e4 e5 2. Nf3 Nc6 3. Bc4 Bc5 4. c3 Nf6 5. d3 O-O 6. O-O d5 7. exd5 Nxd5 8. h3
a6 9. Re1 Nb6 10. Bb3 h6 11. Bc2 Re8 12. Nbd2 Bf5 13. Ne4 Bf8 14. Nh2 Bg6 15. f4
exf4 16. Bxf4 Nd5 17. Bd2 Nf6 18. Nxf6+ Qxf6 19. Rf1 Qd8 20. d4 Bxc2 21. Qxc2
Qd5 22. Rf2 Qc4 23. Bf4 Re6 24. b3 Qd5 25. Raf1 Qd7 26. Qd2 Rg6 27. Qd3 Re8 28.
Kh1 Nd8 29. Ng4 Bd6 30. Bxd6 Qxd6 31. Rf3 Ree6 32. d5 Re8 33. c4 c6 34. Ne3 Rg5
35. Nf5 Qg6 36. d6 Kh8 37. d7 Re5 38. g3 Qe6 39. g4 b5 40. Nd6 f6 41. Ne8 Re1
42. Rxe1 Qxe1+ 43. Rf1 Qe7 44. Rf5 Kg8 45. cxb5 cxb5 46. Nc7 Qe1+ 47. Kg2 Qa5
48. Qd5+ Kh7 49. Ne6 Nxe6 50. Qxe6 Qd2+ 51. Kg3 Qc3+ 52. Rf3 Qc7+ 53. Kh4 Re5
54. Qe8 Qa5 55. b4 Qxb4 56. Qxe5 fxe5 57. d8=Q Qe1+ 58. Rg3 g5+ 59. Kh5 Qxg3 60.
Qd7+ Kg8 61. Kg6 1-0

[Event "16th ch-EUR Indiv w 2015"]
[Site "Chakvi GEO"]
[Date "2015.05.24"]
[Round "6.21"]
[White "Matveeva, Svetlana"]
[Black "Imnadze, Nato"]
[Result "1-0"]
[WhiteTitle "IM"]
[BlackTitle "WIM"]
[WhiteElo "2380"]
[BlackElo "2196"]
[WhiteFideId "4119827"]
[BlackFideId "13600974"]
[EventDate "2015.05.19"]

1. d4 d5 2. c4 c6 3. Nc3 Nf6 4. e3 e6 5. Nf3 Nbd7 6. Bd2 Bd6 7. Bd3 O-O 8. O-O
dxc4 9. Bxc4 e5 10. Qc2 Qe7 11. h3 e4 12. Ng5 Nb6 13. Bb3 Nfd5 14. Ngxe4 Bf5 15.
f3 Nxc3 16. bxc3 Rae8 17. Qb1 Bb8 18. Rf2 Bg6 19. Qf1 Qc7 20. g4 Rxe4 21. fxe4
Bxe4 22. Rg2 Qe7 23. Qf2 Nd5 24. c4 Bxg2 25. Qxg2 Nf6 26. Rf1 Ne4 27. Bc1 c5 28.
Bc2 Re8 29. Bxe4 Qxe4 30. Qxe4 Rxe4 31. Kf2 cxd4 32. Kf3 f5 33. Rd1 Be5 34. gxf5
Rh4 35. exd4 Rxd4 36. Rxd4 Bxd4 37. Ke4 Bc3 38. Be3 a6 39. Bd4 Bb4 40. Kd5 Kf7
41. a4 Ba3 42. Bc5 Bc1 43. Kd6 Bf4+ 44. Kd7 Kf6 45. Kc8 Kxf5 46. Kxb7 g5 47.
Kxa6 h5 48. a5 h4 49. Kb7 g4 50. hxg4+ Kxg4 51. a6 h3 52. Bg1 Be3 53. Bh2 Bf4
54. a7 Bxh2 55. a8=Q Kg3 56. Ka6 Bg1 57. Qh1 h2 58. Kb5 1-0

[Event "16th ch-EUR Indiv w 2015"]
[Site "Chakvi GEO"]
[Date "2015.05.24"]
[Round "6.22"]
[White "Abdulla, Khayala"]
[Black "Schleining, Zoya"]
[Result "1-0"]
[WhiteTitle "WIM"]
[BlackTitle "WGM"]
[WhiteElo "2266"]
[BlackElo "2375"]
[WhiteFideId "13401807"]
[BlackFideId "4671660"]
[EventDate "2015.05.19"]

1. e4 c5 2. Nf3 Nc6 3. d4 cxd4 4. Nxd4 e6 5. Nc3 Nf6 6. Ndb5 Bc5 7. Bf4 O-O 8.
Bd6 Qb6 9. Qd2 Bxd6 10. Nxd6 Qxb2 11. Rb1 Qa3 12. f4 Ne8 13. Nxb7 Qe7 14. e5 f6
15. exf6 gxf6 16. Rb5 a6 17. Rb6 Ra7 18. Rxc6 dxc6 19. Na5 Rd7 20. Qe3 Ng7 21.
Nb3 Nf5 22. Qe4 Nd6 23. Qe3 e5 24. Bd3 exf4 25. Qxe7 Rxe7+ 26. Kf2 Nb5 27. Ne2
Rfe8 28. Nxf4 Nc3 29. Nc5 Re5 30. Nxa6 Bxa6 31. Bxa6 Kf8 32. Bd3 Kg7 33. g4 Ne4+
34. Kg2 f5 35. h3 h6 36. Nh5+ Kh8 37. Rf1 fxg4 38. hxg4 Ng5 39. Nf4 Re3 40. Rh1
Kg7 41. Nh5+ Kf7 42. Rf1+ Ke7 43. Ng7 Rxd3 44. cxd3 Ra8 45. Nf5+ Ke6 46. Rf2 Ra3
47. Rd2 Nf7 48. Nd4+ Kd5 49. Nb3 Ne5 50. Kg3 Ra7 51. d4 Nc4 52. Rh2 Ra3 53. Kf4
Nb6 54. Rh5+ Kc4 55. Rc5+ Kd3 56. Rxc6 Nd5+ 57. Ke5 Ne3 58. d5 Nxg4+ 59. Ke6 Ra8
60. Ke7 Ke4 61. d6 Ne5 62. Rc2 Kd5 63. Rd2+ Kc6 64. Nd4+ Kb6 65. Rb2+ Kc5 66.
Ne6+ Kc6 67. Rc2+ Kb6 68. Rb2+ Kc6 69. Nd8+ Kd5 70. Rd2+ Kc4 71. Ne6 Nc6+ 72.
Kf6 Ra3 73. d7 Rf3+ 74. Kg7 Rg3+ 75. Kh7 Re3 76. Rd6 Kb5 77. Nd4+ Ka4 78. Nxc6 1-0

[Event "16th ch-EUR Indiv w 2015"]
[Site "Chakvi GEO"]
[Date "2015.05.24"]
[Round "6.24"]
[White "Charkhalashvili, Inga"]
[Black "Isgandarova, Khayala"]
[Result "1-0"]
[WhiteTitle "WGM"]
[BlackTitle "WIM"]
[WhiteElo "2318"]
[BlackElo "2243"]
[WhiteFideId "13601431"]
[BlackFideId "13401823"]
[EventDate "2015.05.19"]

1. d4 Nf6 2. c4 g6 3. f3 Bg7 4. e4 d6 5. Nc3 c6 6. Be3 a6 7. Bd3 O-O 8. Qd2 b5
9. Nge2 Nbd7 10. O-O e5 11. d5 bxc4 12. Bxc4 c5 13. Na4 a5 14. Nec3 Ne8 15. a3
Nb6 16. Nxb6 Qxb6 17. Rab1 Qc7 18. Bb5 Bd7 19. b4 axb4 20. axb4 cxb4 21. Rxb4
Bxb5 22. Nxb5 Qa5 23. Rfb1 f5 24. Nc3 fxe4 25. Rb5 Qa3 26. Nxe4 Nf6 27. Ng5 Bh6
28. h4 Qa2 29. R1b2 Qa1+ 30. Kh2 Ra4 31. R5b4 Rxb4 32. Qxb4 Nxd5 33. Qb3 Bxg5
34. Bxg5 Kg7 35. Ra2 Rb8 36. Qxd5 1-0

[Event "16th ch-EUR Indiv w 2015"]
[Site "Chakvi GEO"]
[Date "2015.05.24"]
[Round "6.25"]
[White "Sedina, Elena"]
[Black "Khomeriki, Nino"]
[Result "1-0"]
[WhiteTitle "IM"]
[BlackTitle "WFM"]
[WhiteElo "2312"]
[BlackElo "2228"]
[WhiteFideId "812153"]
[BlackFideId "13603191"]
[EventDate "2015.05.19"]

1. e4 e5 2. Nf3 Nc6 3. Bc4 Nf6 4. d3 Bc5 5. O-O d6 6. c3 a6 7. Bb3 O-O 8. Nbd2
Ba7 9. h3 Ne7 10. Re1 Ng6 11. Nf1 Nh5 12. d4 Qe8 13. Ne3 Nhf4 14. Nf5 Kh8 15. h4
f6 16. g3 Ne6 17. h5 Ne7 18. N3h4 g5 19. hxg6 Nxg6 20. Nxg6+ Qxg6 21. Ne7 Qf7
22. Nxc8 Raxc8 23. Qg4 Rce8 24. Be3 Bb6 25. Rad1 Re7 26. Bd5 Rg8 27. Qf5 Rg6 28.
Kg2 Qe8 29. Rh1 Nf8 30. Bh6 Ne6 31. Be3 Nf8 32. Bxb7 exd4 33. cxd4 c6 34. Bxa6
Rxe4 35. Bd3 Reg4 36. Qf3 Rg7 37. Qxf6 Nd7 38. Rxh7+ Kg8 39. Qh6 Nf8 40. Rh8+
Kf7 41. Qxd6 Qe7 42. Bc4+ Ne6 43. Bxe6+ 1-0

[Event "16th ch-EUR Indiv w 2015"]
[Site "Chakvi GEO"]
[Date "2015.05.24"]
[Round "6.26"]
[White "Mammadova, Gulnar"]
[Black "Zaksaite, Salomeja"]
[Result "1-0"]
[WhiteTitle "WGM"]
[BlackTitle "WIM"]
[WhiteElo "2293"]
[BlackElo "2203"]
[WhiteFideId "13403508"]
[BlackFideId "12801496"]
[EventDate "2015.05.19"]

1. e4 c5 2. Nf3 e6 3. d4 cxd4 4. Nxd4 Nf6 5. Nc3 Nc6 6. g3 Bb4 7. Bg2 d5 8. exd5
Nxd5 9. O-O Bxc3 10. Nxc6 bxc6 11. bxc3 Ba6 12. c4 Bxc4 13. Re1 Qf6 14. Ba3 h5
15. Re4 Qc3 16. Re3 Qa5 17. Qd4 Qb5 18. Re4 Bxa2 19. Bf1 Qa5 20. Rxa2 O-O-O 21.
Qc4 Kd7 22. Bc5 Qd2 23. Rxa7+ Ke8 24. Qa6 1-0

[Event "16th ch-EUR Indiv w 2015"]
[Site "Chakvi GEO"]
[Date "2015.05.24"]
[Round "6.27"]
[White "Ibrahimova, Sabina"]
[Black "Mammadova, Narmin"]
[Result "1/2-1/2"]
[WhiteTitle "WIM"]
[BlackTitle "WCM"]
[WhiteElo "2272"]
[BlackElo "2117"]
[WhiteFideId "13403893"]
[BlackFideId "13403710"]
[EventDate "2015.05.19"]

1. e4 e6 2. d4 d5 3. Nc3 Nf6 4. Bg5 dxe4 5. Nxe4 Nbd7 6. Nf3 h6 7. Nxf6+ Nxf6 8.
Bh4 c5 9. Bc4 cxd4 10. O-O Be7 11. Nxd4 O-O 12. Re1 Qb6 13. c3 Qxb2 14. Nb5 Rd8
15. Qf3 Qc2 16. a4 Qg6 17. Nd4 e5 18. Rxe5 Bd6 19. Bd3 Qg4 20. Qxg4 Nxg4 21.
Bxd8 Nxe5 22. Be4 Bd7 23. Bh4 Rc8 24. Bxb7 Rxc3 25. Bg3 Nc4 26. Bxd6 Nxd6 27.
Ba6 Ne4 28. f3 Nc5 29. Bb5 a6 30. Bxd7 Nxd7 31. a5 Rc5 32. Nb3 Rb5 33. Nd4 Rc5
34. Nb3 Rb5 35. Nd4 Rc5 36. Nb3 Rb5 37. Ra3 Nc5 1/2-1/2

[Event "16th ch-EUR Indiv w 2015"]
[Site "Chakvi GEO"]
[Date "2015.05.24"]
[Round "6.28"]
[White "Khurtsilava, Inga"]
[Black "Zawadzka, Jolanta"]
[Result "0-1"]
[WhiteTitle "WGM"]
[BlackTitle "WGM"]
[WhiteElo "2212"]
[BlackElo "2434"]
[WhiteFideId "13600419"]
[BlackFideId "1122320"]
[EventDate "2015.05.19"]

1. d4 d5 2. Nf3 e6 3. e3 Nf6 4. Bd3 c5 5. b3 Nc6 6. a3 b6 7. Bb2 Bd6 8. Nbd2 O-O
9. Ne5 Bb7 10. O-O Ne7 11. f4 Ne4 12. c4 Rc8 13. cxd5 exd5 14. f5 Nxd2 15. Qxd2
c4 16. Bb1 f6 17. Nf3 cxb3 18. Qd3 Qd7 19. Nd2 Rfe8 20. a4 Nc6 21. e4 dxe4 22.
Qxb3+ Kh8 23. Qe3 Nb4 24. a5 Nd5 25. Qe2 Bb4 26. axb6 axb6 27. Ra7 Nc3 28. Qe3
Nb5 29. Rxb7 Qxb7 30. Nxe4 Bc3 31. Rf2 Bxb2 32. Rxb2 Nc3 0-1

[Event "16th ch-EUR Indiv w 2015"]
[Site "Chakvi GEO"]
[Date "2015.05.24"]
[Round "6.29"]
[White "Ghukasyan, Siranush"]
[Black "Ziaziulkina, Nastassia"]
[Result "0-1"]
[BlackTitle "IM"]
[WhiteElo "2100"]
[BlackElo "2423"]
[WhiteFideId "13300946"]
[BlackFideId "13505211"]
[EventDate "2015.05.19"]

1. e4 c5 2. Nf3 d6 3. d4 cxd4 4. Nxd4 Nf6 5. Nc3 a6 6. Be3 e6 7. f3 b5 8. g4 h6
9. Qd2 Nbd7 10. O-O-O b4 11. Na4 Qa5 12. b3 Bb7 13. Kb1 Nc5 14. Nxc5 dxc5 15.
Ne2 Be7 16. h4 Bc6 17. a4 Nd7 18. Nc1 O-O-O 19. Qe2 Kb7 20. Nd3 Nb6 21. Nb2
Rxd1+ 22. Qxd1 Rd8 23. Qc1 Bf6 24. Nc4 Nxc4 25. Bxc4 Bxa4 26. bxa4 Qxa4 27. Ba2
c4 28. Rh2 b3 29. c3 Rd1 0-1

[Event "16th ch-EUR Indiv w 2015"]
[Site "Chakvi GEO"]
[Date "2015.05.24"]
[Round "6.30"]
[White "Daulyte, Deimante"]
[Black "Unuk, Laura"]
[Result "1/2-1/2"]
[WhiteTitle "IM"]
[BlackTitle "WIM"]
[WhiteElo "2402"]
[BlackElo "2213"]
[WhiteFideId "12802859"]
[BlackFideId "14609215"]
[EventDate "2015.05.19"]

1. e4 e6 2. d4 d5 3. Nc3 Bb4 4. e5 c5 5. a3 Bxc3+ 6. bxc3 Ne7 7. Qg4 O-O 8. Bd3
f5 9. exf6 Rxf6 10. Bg5 Rf7 11. Qh5 g6 12. Qd1 Qa5 13. Nf3 Rxf3 14. gxf3 Qxc3+
15. Kf1 c4 16. Bxe7 cxd3 17. cxd3 Qxd4 18. Bg5 Nc6 19. h4 Qe5 20. f4 Qg7 21. h5
h6 22. Bh4 e5 23. fxe5 Nxe5 24. Bg3 Bg4 25. Bxe5 Qxe5 26. Qxg4 Qxa1+ 27. Kg2 Qf6
28. hxg6 Rf8 29. Qg3 Kg7 30. Rh4 Re8 31. Rf4 Qg5 32. Qxg5 hxg5 33. Rf7+ Kxg6 34.
Rxb7 Rc8 35. Rxa7 Rc3 36. Kf3 Rxd3+ 37. Ke2 Rb3 38. Ra5 Kf6 39. Rxd5 Rxa3 40.
Rb5 Rc3 41. Ra5 1/2-1/2

[Event "16th ch-EUR Indiv w 2015"]
[Site "Chakvi GEO"]
[Date "2015.05.24"]
[Round "6.31"]
[White "Osmanodja, Filiz"]
[Black "Petrenko, Svetlana"]
[Result "1-0"]
[WhiteTitle "WIM"]
[BlackTitle "IM"]
[WhiteElo "2352"]
[BlackElo "2207"]
[WhiteFideId "24633569"]
[BlackFideId "13900196"]
[EventDate "2015.05.19"]

1. e4 g6 2. d4 Bg7 3. Nc3 c6 4. Nf3 d6 5. Be3 Nf6 6. Qd2 b5 7. Bd3 a6 8. Bh6 O-O
9. Bxg7 Kxg7 10. e5 Nd5 11. Nxd5 cxd5 12. a4 bxa4 13. Rxa4 Nc6 14. O-O Bg4 15.
Ng5 h6 16. Qf4 hxg5 17. Qxg4 dxe5 18. dxe5 Nxe5 19. Qxg5 Nxd3 20. cxd3 e6 21.
Qe3 Qf6 22. Rb1 Rfb8 23. Rf4 Rxb2 24. Rc1 Re2 25. Qf3 Rc2 26. Re1 Qe7 27. h4 Rc7
28. Re5 Rh8 29. Qg3 Rh6 30. Qg4 Rc1+ 31. Kh2 Rc8 32. g3 Rch8 33. Kg2 Rh5 34. Re2
Qb7 35. Rb4 Qa7 36. Reb2 Rf5 37. Rb6 e5 38. Qa4 Ra8 39. d4 e4 40. Rb7 a5 41.
Rxa7 Rxa7 42. Rb8 Re7 43. Qa3 Kf6 44. Qd6+ 1-0

[Event "16th ch-EUR Indiv w 2015"]
[Site "Chakvi GEO"]
[Date "2015.05.24"]
[Round "6.32"]
[White "Gvetadze, Sofio"]
[Black "Kasoshvili, Tsiala"]
[Result "1-0"]
[WhiteTitle "IM"]
[BlackTitle "WIM"]
[WhiteElo "2319"]
[BlackElo "2179"]
[WhiteFideId "13601440"]
[BlackFideId "13600354"]
[EventDate "2015.05.19"]

1. e4 c6 2. d4 g6 3. Nc3 Bg7 4. h3 Nf6 5. e5 Nd5 6. Nxd5 cxd5 7. Bf4 Qb6 8. Rb1
Nc6 9. c3 O-O 10. Nf3 d6 11. exd6 exd6 12. Bd3 Re8+ 13. Be3 Ne7 14. O-O h6 15.
Qd2 Kh7 16. Rfe1 Be6 17. Nh2 Ng8 18. Re2 Qd8 19. Rbe1 Qd7 20. Bf4 a6 21. f3 Rad8
22. g4 Re7 23. h4 Kh8 24. Re3 Rde8 25. Qg2 Rd8 26. R1e2 Bf8 27. Qg3 Bg7 28. Qe1
Rde8 29. Nf1 Bf6 30. Qg3 Rd8 31. g5 Bg7 32. h5 gxh5 33. Qh4 Bf8 34. Ng3 Rde8 35.
Qxh5 f5 36. gxh6 Bf7 37. Rxe7 Rxe7 38. Rxe7 Qxe7 39. Qxf5 Be6 40. Qh5 Qf6 41.
Bg5 Qf7 42. Bg6 Qd7 43. h7 1-0

[Event "16th ch-EUR Indiv w 2015"]
[Site "Chakvi GEO"]
[Date "2015.05.24"]
[Round "6.33"]
[White "Hojjatova, Aydan"]
[Black "Umudova, Nargiz"]
[Result "1-0"]
[WhiteTitle "WFM"]
[BlackTitle "WIM"]
[WhiteElo "2168"]
[BlackElo "2275"]
[WhiteFideId "13401491"]
[BlackFideId "13402137"]
[EventDate "2015.05.19"]

1. e4 c6 2. d4 d5 3. Nc3 dxe4 4. Nxe4 Bf5 5. Ng3 Bg6 6. Nf3 e6 7. Bd3 Nd7 8.
Bxg6 hxg6 9. Bf4 Ngf6 10. O-O c5 11. c4 cxd4 12. Qxd4 Bc5 13. Qc3 Qb6 14. a3 a5
15. b4 axb4 16. axb4 Rxa1 17. Qxa1 Bxb4 18. Qa8+ Qd8 19. Qxb7 Qb6 20. Qa8+ Qd8
21. Qa4 Bc5 22. Rd1 O-O 23. Ne5 Nb6 24. Qb3 Qc8 25. Qb5 Re8 26. Bg5 Na8 27. Nc6
Bf8 28. Bxf6 gxf6 29. Ne4 Be7 30. Nxe7+ Rxe7 31. Nxf6+ Kf8 32. Qg5 Rc7 33. c5
Kg7 34. Ng4 Qh8 35. Rd8 1-0

[Event "16th ch-EUR Indiv w 2015"]
[Site "Chakvi GEO"]
[Date "2015.05.24"]
[Round "6.34"]
[White "Vojinovic, Jovana"]
[Black "Gaboyan, Susanna"]
[Result "0-1"]
[WhiteTitle "WGM"]
[WhiteElo "2262"]
[BlackElo "2153"]
[WhiteFideId "937266"]
[BlackFideId "13303627"]
[EventDate "2015.05.19"]

1. Nf3 Nf6 2. c4 g6 3. Nc3 d5 4. cxd5 Nxd5 5. Qa4+ Nc6 6. Nd4 Nxc3 7. dxc3 Bd7
8. e4 Bg7 9. Nxc6 Bxc6 10. Bb5 Bd7 11. Qb3 b6 12. Bf4 Bxb5 13. Qxb5+ Qd7 14. a4
c6 15. Qc4 O-O 16. Rd1 Qg4 17. Bg3 Rad8 18. Ra1 c5 19. a5 b5 20. Qxb5 Qxe4+ 21.
Kf1 Qc2 22. Re1 Rd1 23. f3 Rfd8 24. h4 Be5 25. Bf2 R8d2 26. Qxc5 Bd4 27. Qxd4
Rxd4 28. cxd4 Rd2 29. Be3 Rxg2 30. Rh3 Qxb2 31. h5 gxh5 32. Rxh5 Rg3 33. Bf2
Rxf3 34. Re2 Qb1+ 35. Re1 Qd3+ 36. Kg2 Qg6+ 37. Kxf3 Qxh5+ 38. Kg2 Qxa5 39. Re5
Qb4 40. Rg5+ Kf8 41. Rh5 a5 42. Rxh7 a4 43. Rh8+ Kg7 44. Rh1 a3 45. d5 a2 46.
Kf3 Qc3+ 47. Ke4 f5+ 48. Kf4 a1=Q 0-1

[Event "16th ch-EUR Indiv w 2015"]
[Site "Chakvi GEO"]
[Date "2015.05.24"]
[Round "6.35"]
[White "Kazimova, Narmin"]
[Black "Tskhadadze, Anna"]
[Result "1-0"]
[WhiteTitle "WGM"]
[WhiteElo "2259"]
[BlackElo "1938"]
[WhiteFideId "13402951"]
[BlackFideId "4165098"]
[EventDate "2015.05.19"]

1. Nf3 d5 2. d4 Nf6 3. c4 e6 4. Nc3 Be7 5. Bf4 O-O 6. e3 Nbd7 7. cxd5 exd5 8. h3
c6 9. Bd3 Re8 10. O-O Nf8 11. Rb1 Ng6 12. Bh2 Bd6 13. Bxd6 Qxd6 14. Qc2 Bd7 15.
b4 a6 16. Na4 Rac8 17. Nc5 Rc7 18. a4 Qe7 19. Qa2 Nh5 20. b5 axb5 21. axb5 Be6
22. Qa5 Rcc8 23. Qb6 Nh4 24. Nxh4 Qxh4 25. Nxe6 fxe6 26. Qxb7 cxb5 27. Bxb5 Rb8
28. Bxe8 Rxb7 29. Rxb7 Nf6 30. Bf7+ Kf8 31. Ra1 g5 32. Bxe6 Qe4 33. Ra8+ 1-0

[Event "16th ch-EUR Indiv w 2015"]
[Site "Chakvi GEO"]
[Date "2015.05.25"]
[Round "7.1"]
[White "Hoang, Thanh Trang"]
[Black "Batsiashvili, Nino"]
[Result "0-1"]
[WhiteTitle "GM"]
[BlackTitle "IM"]
[WhiteElo "2472"]
[BlackElo "2473"]
[WhiteFideId "12400149"]
[BlackFideId "13602993"]
[EventDate "2015.05.19"]

1. d4 d5 2. c4 e6 3. Nc3 Bb4 4. cxd5 exd5 5. Bf4 c5 6. e3 c4 7. Bxb8 Bxc3+ 8.
bxc3 Rxb8 9. Qa4+ b5 10. Qxa7 Qd6 11. Be2 Nf6 12. Bf3 O-O 13. Ne2 Bd7 14. Qa5
Ra8 15. Qb4 Qc6 16. O-O Ra4 17. Qb2 Rfa8 18. Rfd1 g5 19. h3 h5 20. Ng3 g4 21.
hxg4 hxg4 22. Be2 Qa6 23. Qc1 Ne4 24. Nxe4 dxe4 25. Rd2 g3 26. fxg3 Qh6 27. Rc2
R4a6 28. Bf1 Kg7 29. Rf2 Rh8 30. Rf4 Rg6 31. Kf2 Qh2 32. Ke2 Rxg3 33. Qe1 Rhh3
34. Rxf7+ Kxf7 35. Qf2+ Rf3 36. gxf3 exf3+ 37. Ke1 Qh1 38. Kd1 Rh2 39. Qe1 f2
40. Qe2 Bg4 0-1

[Event "16th ch-EUR Indiv w 2015"]
[Site "Chakvi GEO"]
[Date "2015.05.25"]
[Round "7.3"]
[White "Girya, Olga"]
[Black "Arabidze, Meri"]
[Result "1-0"]
[WhiteTitle "WGM"]
[BlackTitle "IM"]
[WhiteElo "2479"]
[BlackElo "2403"]
[WhiteFideId "4195752"]
[BlackFideId "13604040"]
[EventDate "2015.05.19"]

1. d4 Nf6 2. c4 e6 3. Nf3 b6 4. g3 Ba6 5. Qc2 Bb7 6. Bg2 c5 7. d5 exd5 8. cxd5
Nxd5 9. O-O Be7 10. Rd1 Nc6 11. a3 Nc7 12. Nc3 O-O 13. Bf4 Ne6 14. e3 Nxf4 15.
exf4 Na5 16. b4 cxb4 17. axb4 Bxb4 18. Nd5 Bxd5 19. Ng5 g6 20. Bxd5 Rc8 21. Qa2
Qe7 22. Rd3 Rc3 23. Rad1 Rxd3 24. Rxd3 Qf6 25. Qa4 Qf5 26. Be4 Qc5 27. Qxd7 Be1
28. Rf3 Nc4 29. Bd5 Nd2 30. Re3 Bxf2+ 31. Kxf2 Nf1 32. Kxf1 Qxe3 33. Bxf7+ Kh8
34. Qd6 Qc1+ 35. Kg2 Qb2+ 36. Kh3 Qg7 37. Ne6 Qxf7 38. Qxf8+ Qxf8 39. Nxf8 a5
40. Ne6 b5 41. Kg4 a4 42. Kf3 a3 43. Nd4 Kg7 44. g4 Kf6 45. Ke4 b4 46. Kd5 h6
47. h4 Kf7 48. Ke5 1-0

[Event "16th ch-EUR Indiv w 2015"]
[Site "Chakvi GEO"]
[Date "2015.05.25"]
[Round "7.4"]
[White "Zhukova, Natalia"]
[Black "Savina, Anastasia"]
[Result "1-0"]
[WhiteTitle "GM"]
[BlackTitle "IM"]
[WhiteElo "2456"]
[BlackElo "2417"]
[WhiteFideId "14101513"]
[BlackFideId "4196872"]
[EventDate "2015.05.19"]

1. d4 Nf6 2. c4 e6 3. Nf3 d5 4. Nc3 c5 5. e3 a6 6. cxd5 Nxd5 7. Bd3 Nc6 8. O-O
Be7 9. a3 Nxc3 10. bxc3 O-O 11. Rb1 Qc7 12. e4 e5 13. d5 Na7 14. c4 Bg4 15. a4
Rab8 16. h3 Bd7 17. Bb2 Bd6 18. Nd2 b5 19. axb5 axb5 20. cxb5 Nxb5 21. Nc4 Nd4
22. Bc3 Rxb1 23. Qxb1 f5 24. Ba5 Qb8 25. Qb6 fxe4 26. Bxe4 Ne2+ 27. Kh2 Qxb6 28.
Bxb6 Be7 29. d6 Bg5 30. Bxc5 Bf4+ 31. Kh1 Nc3 32. Bc2 Rc8 33. Nb6 Rxc5 34. Bb3+
Kh8 35. Nxd7 Rc6 36. Ra1 g6 37. Nf6 Bg5 38. Ra8+ Kg7 39. Ne8+ Kh6 40. g3 Ne4 41.
h4 Bxh4 42. gxh4 Nxd6 43. Nxd6 Rxd6 44. Kg2 e4 45. Re8 Rd4 46. Re7 g5 47. Bc2 1-0